Nervus radialis compressiója szokatlan helyen (esetismertetés) [Compression of the radial nerve on an unusual site] /

Elmentve itt :
Bibliográfiai részletek
Szerző: Simonka János Aurél
Dokumentumtípus: Cikk
Megjelent: 1991
Sorozat:MAGYAR TRAUMATOLÓGIA ORTHOPAEDIA ÉS HELYREÁLLÍTÓ SEBÉSZET 34 No. 2
Tárgyszavak:
mtmt:1913596
Online Access:http://publicatio.bibl.u-szeged.hu/32402
LEADER 00756nab a2200193 i 4500
001 publ32402
005 20250404113020.0
008 250404s1991 hu o 000 hun d
022 |a 0025-0317 
024 7 |a 1913596  |2 mtmt 
040 |a SZTE Publicatio Repozitórium  |b hun 
041 |a hun 
100 1 |a Simonka János Aurél 
245 1 0 |a Nervus radialis compressiója szokatlan helyen   |h [elektronikus dokumentum] :  |b (esetismertetés) [Compression of the radial nerve on an unusual site] /  |c  Simonka János Aurél 
260 |c 1991 
300 |a 150-152 
490 0 |a MAGYAR TRAUMATOLÓGIA ORTHOPAEDIA ÉS HELYREÁLLÍTÓ SEBÉSZET  |v 34 No. 2 
650 4 |a Klinikai orvostan 
856 4 0 |u http://publicatio.bibl.u-szeged.hu/32402/1/aok_klny_706_91.pdf  |z Dokumentum-elérés